1721 1642 1955 1138 1320 1393 1407 1327 1820 1719 1687 1163 1395 1438 1394 1382 1835 1961 1529 1381 1279 1583 1332 1271 1133 1896 1233 1175 1452 1586 1918 1962 1992 1540 1020 1368 1695 1988 1862 1180 1250 1816 1134 1112 1604 1433 1666 1273 1316 1177 1734 1638 1497 1456 1884 1353 1712 1617 1160 1433 1427 1285 1261 1751 1371 1915 1473 1534 1176 1328 1626 1194 1851 1184 1541 1775 1484 1061 1619 1322 1740 1096 1788 1181 1620 1025 1191 1585 1031 1052 1386 1542 1889 1615 1415 1498 1173 1366 1224 BCNSPRNW ULIB Ver.6.0+V

เปลี่ยนเป็นภาษาไทย

Change to English
 แสดงรายละเอียดบรรณานุกรม
  กลับหน้าหลัก

Brief Record : Get Marc (ISO 2709) : E-mail record : QR code < ปิดหน้าต่าง
LEADER : 00000nam 2200000uu 4500
001    13399107896
003     ULIB
008    110209s2543||||th 000 0 tha d
060 04 WZ100^bส138น 254-
100 1  สงวน นิตยารัมภ์พงศ์
245 10 นายแพทย์สงวน นิตยารัมภ์พงศ์ผู้สร้างคุณูปการอเนกอนันต์แก่การสาธารณสุขไทย^cสงวน นิตยารัมภ์พงศ์
260    [ม.ป.ท. :^bม.ป.พ.;^c254-]
300    36 หน้า : ภาพประกอบ ;^c26 ซม.
600 07 สงวน นิตยารัมภ์พงศ
650  7 แพทย์^xชีวประวัติ
945    ^p0^l0^i023313
945    ^p0^l0^i023312
995    เกษร
999 ^a ใช้งานได้ทุกระบบ
รายการนี้ยังไม่มีแท็ก
คุณยังไม่ได้ล็อกอิน คุณสามารถมีกิจกรรมร่วมกับเว็บไซต์ได้ แต่ต้องล็อกอินก่อน ::
  ล็อกอิน

รายการสื่อสารสนเทศ

ลำดับที่ ประเภท เลขเรียก/บาร์โค้ด สถานที่ สถานะ
- ไม่พบข้อมูล -

รายการใกล้เคียง
    ผู้แต่ง [สงวน นิตยารัมภ์พงศ์]

BibComment


ยังไม่เคยถูกคอมเมนท์

คอมเมนท์ทรัพยากรรายการนี้
  คอมเมนท์: นายแพทย์สงวน นิตย..


 Copyright 2026. Bcnsprnw @Library